000 04244nam a22004577a 4500
005 20100807155518.0
010 _aENG-98954
020 _c360.00
_a9788183333238
035 _aEN-82486
035 _aB-413989-005
037 _bDBAD/PUB
037 _bBPB Publications
082 _a657.028553769
100 _aNarayanan, V
_924284
245 _aSAP FI financial accounting /
_cby V. Narayanan
260 _aNew Delhi
_bBPB Publications
_c2010
270 _aB-14, Connaught Place
_bNew Delhi
_e110001
300 _axxiv, 301 p.
_c24 cm. (Pbk)
500 _aIncludes index
700 _97380
942 _2ddc
_cEN
_h657.028553769
_mNAR
999 _c40195
_d40195